| 000 | 00000nam 2200000zi 4500 |
| 001 | 9.930783 |
| 003 | CaOODSP |
| 005 | 20250506145325 |
| 006 | m o d f |
| 007 | cr |n||||||||| |
| 008 | 231123m19832001snc|||| ob f000 0 eng d |
| 040 | |aCaOODSP|beng|erda|cCaOODSP |
| 043 | |an-cnp-- |
| 086 | 1 |aA58-6/104E-PDF |
| 100 | 1 |aMowchenko, M., |eauthor. |
| 245 | 14|aThe determination of gross and effective drainage areas in the prairie provinces / |cprepared by: M. Mowchenko, P.O. Meid; submitted by: F.R.J. Martin. |
| 264 | 1|aRegina, Saskatchewan : |bAgriculture Canada, Prairie Farm Rehabilitation Administration, |c1983-2001. |
| 300 | |a1 online resource (78 pages) + |e8 addendums |
| 336 | |atext|btxt|2rdacontent |
| 337 | |acomputer|bc|2rdamedia |
| 338 | |aonline resource|bcr|2rdacarrier |
| 490 | 0 |aHydrology report ; |v#104 |
| 500 | |aDigitized edition from print [produced by Environment and Climate Change Canada]. |
| 500 | |a"Hydrology report #104." |
| 504 | |aIncludes bibliographical references. |
| 650 | 5|aWatersheds|zPrairie Provinces. |
| 650 | 0|aStream-gaging stations|zPrairie Provinces. |
| 650 | 6|aBassins hydrographiques|zProvinces des Prairies. |
| 650 | 6|aStations de jaugeage|zProvinces des Prairies. |
| 710 | 1 |aCanada.|bAgriculture Canada, |eissuing. |
| 710 | 1 |aCanada. |bPrairie Farm Rehabilitation Administration, |eissuing body. |
| 856 | 40|qPDF|s3.49 MB|uhttps://publications.gc.ca/collections/collection_2024/eccc/A58-6-104-eng.pdf|zReport |
| 856 | 40|qPDF|s3.44 MB|uhttps://publications.gc.ca/collections/collection_2024/eccc/A58-6-104-1-eng.pdf|zAddendum no. 1 |
| 856 | 40|qPDF|s3.29 MB|uhttps://publications.gc.ca/collections/collection_2024/eccc/A58-6-104-2-eng.pdf|zAddendum no. 2 |
| 856 | 40|qPDF|s3.77 MB|uhttps://publications.gc.ca/collections/collection_2024/eccc/A58-6-104-3-eng.pdf|zAddendum no. 3 |
| 856 | 40|qPDF|s3.50 MB|uhttps://publications.gc.ca/collections/collection_2024/eccc/A58-6-104-4-eng.pdf|zAddendum no. 4 |
| 856 | 40|qPDF|s3.63 MB|uhttps://publications.gc.ca/collections/collection_2024/eccc/A58-6-104-5-eng.pdf|zAddendum no. 5 |
| 856 | 40|qPDF|s4.00 MB|uhttps://publications.gc.ca/collections/collection_2024/eccc/A58-6-104-6-eng.pdf|zAddendum no. 6 |
| 856 | 40|qPDF|s6.20 MB|uhttps://publications.gc.ca/collections/collection_2024/eccc/A58-6-104-7-eng.pdf|zAddendum no. 7 |
| 856 | 40|qPDF|s5.17 MB|uhttps://publications.gc.ca/collections/collection_2024/eccc/A58-6-104-8-eng.pdf|zAddendum no. 8 |